[Event "Landesliga U20 Nord 1617"]
[Site "Bayern"]
[Date "2017.01.21"]
[Round "5.1"]
[White "Lutter, Maximilian"]
[Black "Stoeckl, Maximilian"]
[Result "1-0"]
[WhiteElo "1908"]
[BlackElo "1579"]
[PlyCount "43"]
[EventDate "2016.11.12"]
[EventType "team-tourn"]
[EventRounds "7"]
[EventCountry "GER"]
[SourceTitle "EXT 2022"]
[Source "ChessBase"]
[SourceDate "2021.10.06"]
[SourceVersion "1"]
[SourceVersionDate "2021.10.06"]
[SourceQuality "1"]
[WhiteTeam "Neumarkt U20"]
[BlackTeam "Schwandorf U20"]
[WhiteTeamCountry "GER"]
[BlackTeamCountry "GER"]

1. Nf3 Nf6 2. c4 e6 3. Nc3 b6 4. g3 Bb7 5. Bg2 Be7 6. d4 0-0 7. 0-0 Ne4 8. Qc2 Nxc3 9. Qxc3 c5 10. Rd1 Bf6 11. Be3 Nc6 12. Qc2 cxd4 13. Nxd4 Bxd4 14. Bxd4 Nxd4 15. Rxd4 Bxg2 16. Kxg2 Rc8 17. Qe4 Rc7 18. Rad1 Qc8 19. b3 h6 20. f3 Rd8 21. Rd6 Rc6 22. Qxc6 1-0

[Event "Landesliga U20 Nord 1314"]
[Site "Bayern"]
[Date "2014.01.25"]
[Round "5.4"]
[White "Stoeckl, Maximilian"]
[Black "Oberhofer, Marie"]
[Result "0-1"]
[WhiteElo "1581"]
[BlackElo "1606"]
[PlyCount "138"]
[EventDate "2013.11.16"]
[EventType "team-tourn"]
[EventRounds "7"]
[EventCountry "GER"]
[SourceTitle "EXT 2022"]
[Source "ChessBase"]
[SourceDate "2021.10.06"]
[SourceVersion "1"]
[SourceVersionDate "2021.10.06"]
[SourceQuality "1"]
[WhiteTeam "Schwandorf U20"]
[BlackTeam "Regensburg Bavaria U20"]
[WhiteTeamCountry "GER"]
[BlackTeamCountry "GER"]

1. e4 c5 2. Nc3 Nc6 3. g3 g6 4. Bg2 Bg7 5. Nf3 e6 6. 0-0 Nge7 7. d3 0-0 8. Be3 d6 9. Qd2 a6 10. a4 Qc7 11. Rab1 Bd7 12. Ne2 b5 13. axb5 axb5 14. b3 Rfb8 15. c4 Nb4 16. Nc3 Qa5 17. Rfc1 Na2 18. Nxa2 Qxa2 19. Qxa2 Rxa2 20. d4 cxd4 21. Nxd4 bxc4 22. Rxc4 Rc8 23. Rb4 Nc6 24. Nxc6 Bxc6 25. Rb6 Rc2 26. b4 Rc4 27. b5 Bxe4 28. Bxe4 Rxe4 29. Rxd6 Be5 30. Ra6 Rb8 31. b6 Rc4 32. b7 Rc7 33. Ra8 Rcxb7 34. Rxb7 Rxa8 35. f4 Rb8 36. Ra7 Rb3 37. Ra8+ Rb8 38. Ra5 Bc7 39. Rc5 Bb6 40. Re5 Bxe3+ 41. Rxe3 Rb2 42. h4 Kg7 43. g4 Rb4 44. Rf3 e5 45. Kg2 e4 46. Re3 f5 47. g5 Kf7 48. Kg3 Ke6 49. Kg2 Rb2+ 50. Kf1 Rh2 51. Ra3 Rxh4 52. Ra6+ Kd5 53. Ra5+ Kc4 54. Ra3 Rxf4+ 55. Kg2 Rg4+ 56. Kf2 Rxg5 57. Rh3 Rh5 58. Ra3 g5 59. Rg3 f4 60. Ra3 e3+ 61. Kf3 Rh2 62. Ra8 e2 63. Re8 Kd3 64. Rd8+ Kc2 65. Rc8+ Kd1 66. Rd8+ Ke1 67. Rc8 Kf1 68. Rc1+ e1Q 69. Rxe1+ Kxe1 0-1